01425nam a2200229 i 4500001000300000111011500003245051600118246009500634246008700729260004100816300004700857500003900904504005900943650001601002650002301018655002901041700002601070040000801096041001301104080003701117008004101154bg2 aMiędzynarodowe Sympozjum Naukowe Studentów i Młodych Pracowników Naukin(17 ;d1995 ;cZielona Góra).03a17 Międzynarodowe Sympozjum Naukowe Studentów i Młodych Pracowników Nauki, Zielona Góra, kwiecień 1995 =b17 Internationales Wissenschaftliches Kolloquium der Studenten und Jungen Wissenschaftler = 17 Meždunarodnyj Naučnyj Simpoizium Studentov i Molodych Naučnych Rabotnikov.nT. 1,pBudownictwo i inżynieria środowiska = Bauwesen und Umweltschutztechnik = Stroitel'stvo i ochrana okružajuscej sredy /c[kol. red. Tomasz Migacz et al.] ; Wyższa Szkoła Inżynierska w Zielonej Górze.11aInternationales Wissenschaftliches Kolloquium der Studenten und Jungen Wissenschaftler, 1711aMeždunarodnyj Naučnyj Simpozium Studentov i Molodych Naučnych Rabotnikov, 17 aZielona Góra :bWydaw. WSI,c1995. a194 s. :bfot., pl., rys., wykr. ;c24 cm. aTekst częśc. ang., niem., ros. aBibliogr., rez., streszcz., summ., Zsfassung przy ref. 9aBudownictwo 9aTechnika sanitarna aMateriały konferencyjne1 aMigacz, Tomasz.eRed. cBPK0 aplenderu a62+69+681.322.004+65.012](061.3) s pl f |000 0 pol